000 00871nam a2200313Ia 4500
001 Z_3076
003 CHAP
008 220113s1983 xx 000 0 und d
010 _a166166
020 _a0-582-45587-1
040 _cCHAP
082 _a636.085 R66
100 _aRook, J. A. F.
_999793
245 _aNutritional physiology of farm animals /
_cJ. A. F. Rook y P. C. Thomas; colaboración R. C. Campling...[et al.]
260 _aEstados Unidos de América :
_bLongman,
_c1983
300 _axii, 704 p.
503 _aej.1: 126842
504 _aIncluye bibliografía
650 _aFisiología animal
_941131
650 _aNutrición animal
_982275
700 _a Campling, R. C., colab.
_9138457
700 _aThomas, P. C., aut.
_9138459
901 _a636.085 R66
902 _aM
910 _a1983
942 _c1
942 _cc1
999 _c166166
_d166166